00815nam a2200217 a 450000100100000000500170001000800410002702000150006804000250008308200150010810000260012324500380014925000120018726000450019930000350024449000220027950000700030183000310037195201780040299900170058000004507820201002045847.0150202s1988 sp ac 000 0 spa d a8486675480 aDO-SdBNPbspacBNPHU axxxxbxxxx1 aCacho, Jesús97309110aAsalto al poder /cJesús Cacho. a7a. ed. aMadrid :bEdiciones Temas de Hoy,c1988. a559 p :bil., retrs. ;c22 cm.1 aHombres de hoyv3 aIncluye datos biográficos del autor en la solapa de la cubierta 0aHombres de hoy ;n3973092 001050718MOaGRbGRcCTd2015-02-02iLF1l0oxxxx xxxxp45078-10r2020-06-25w2020-06-25y1zPerteneció a la biblioteca personal de Germán Emilio Ornes.ZNo se presta c44567d44567